LEADER 04932nam 2200709 a 450
001 9910450774303321
005 20200520144314.0
010 $a981-277-795-4
035 $a(CKB)1000000000413107
035 $a(EBL)1679840
035 $a(OCoLC)879024147
035 $a(SSID)ssj0000133951
035 $a(PQKBManifestationID)11141992
035 $a(PQKBTitleCode)TC0000133951
035 $a(PQKBWorkID)10046442
035 $a(PQKB)10732200
035 $a(MiAaPQ)EBC1679840
035 $a(WSP)00004895
035 $a(Au-PeEL)EBL1679840
035 $a(CaPaEBR)ebr10201213
035 $a(CaONFJC)MIL505432
035 $a(EXLCZ)991000000000413107
100 $a20021016d2002 uy 0
101 0 $aeng
135 $aur|n|---|||||
181 $ctxt
182 $cc
183 $acr
200 10$aCurrent high-energy emission around black holes$b[electronic resource] $eproceedings of the 2nd KIAS Astrophysics Workshop : Korea Institute for Advanced Study, September 3-8, 2001 /$feditors, Chang-Hwan Lee, Heon-Young Chang
210 $aNew Jersey $cWorld Scientific$dc2002
215 $a1 online resource (356 p.)
300 $aDescription based upon print version of record.
311 $a981-02-4870-9
320 $aIncludes bibliographical references.
327 $aContents ; Preface ; Part 1: Black Hole Observations ; Black Hole Demographics ; Kiloparsec Jets from Massive Black Holes in Radio-Loud AGN ; ASCA and RXTE Observations of the Accretion Disk in X-ray Binaries
327 $aSearching for Evidence of Tidal Disruption Event in Long-Term X-ray Light Curve of Seyfert Galaxy MCG-2-58-22 Existence of X-ray Jets on Kiloparsec Scales in Radio-Loud AGNs ; Part 2: Accretion Disk/Formation of Jets
327 $aMagnetic Stresses in the Inner Regions of Accretion Disks around Black Holes Rayleigh Scattered Lya in Active Galactic Nuclei ; Black Hole Accretion in Transient X-ray Binaries ; X-ray Variability of Galactic Black Holes and Simulated Magnetohydrodynamical Flow
327 $aOn Energetics and Structure of Sub-Parsec Scale Jets in Quasars Large Scale Jets and the Nuclear Engine ; Magnetic Field Generation in Accretion Disks ; Radiation Driven Wind from Hot Accretion Flow ; Modes of Accretion in X-ray Sources
327 $aPart 3: Energy Extraction from Rotating Black Holes Current High Energy Emission from Black Holes ; Pair Production Cascade in Black-Hole Magnetosphere ; The Transfield Equation of the Axisymmetric Nonstationary Magnetosphere of a Black Hole
327 $aGamma-ray Bursts and Gravitational Radiation from Black Hole-Torus Systems
330 $a Black holes exist in galactic nuclei and in some X-ray binaries found in our own galaxy and the large Magellanic Cloud. This volume focuses on astrophysical high-energy emission processes around black holes, and the development of theoretical frameworks for interesting observational results.
Contents:
- Black Hole Observations
- Accretion Disk/Formation of Jets
- Energy Extraction from Rotating Black Holes
- Supernova and Gamma Ray Bursts
- Black Hole Astrophysics
Readership: Graduate students, post-docs and academics in astrophysic
606 $aBlack holes (Astronomy)$vCongresses
606 $aAstrophysics$vCongresses
606 $aAccretion (Astrophysics)$vCongresses
606 $aJets (Nuclear physics)$vCongresses
608 $aElectronic books.
615 0$aBlack holes (Astronomy)
615 0$aAstrophysics
615 0$aAccretion (Astrophysics)
615 0$aJets (Nuclear physics)
676 $a523.8/875
701 $aLee$b Chang-Hwan$0882206
701 $aChang$b Ho?n-yo?ng$0882207
712 02$aKodu?ng Kwahagwo?n (Korea)
712 12$aKIAS Astrophysics Workshop
801 0$bMiAaPQ
801 1$bMiAaPQ
801 2$bMiAaPQ
906 $aBOOK
912 $a9910450774303321
996 $aCurrent high-energy emission around black holes$91970550
997 $aUNINA
LEADER 03513nam 2200673 450
001 9910460804003321
005 20200520144314.0
010 $a1-78238-588-6
035 $a(CKB)3710000000411329
035 $a(EBL)1707821
035 $a(SSID)ssj0001498483
035 $a(PQKBManifestationID)11894812
035 $a(PQKBTitleCode)TC0001498483
035 $a(PQKBWorkID)11505787
035 $a(PQKB)10823245
035 $a(MiAaPQ)EBC1707821
035 $a(Au-PeEL)EBL1707821
035 $a(CaPaEBR)ebr11052975
035 $a(CaONFJC)MIL782708
035 $a(OCoLC)908551814
035 $a(EXLCZ)993710000000411329
100 $a20150523h20152015 uy 0
101 0 $aeng
135 $aur|n|---|||||
181 $ctxt
182 $cc
183 $acr
200 10$aAt home in postwar France $emodern mass housing and the right to comfort /$fNicole C. Rudolph
210 1$aNew York, [New York] ;$aOxford, [England] :$cBerghahn,$d2015.
210 4$dİ2015
215 $a1 online resource (271 p.)
225 1 $aBerghahn Monographs in French Studies ;$vVolume 14
300 $aDescription based upon print version of record.
311 $a1-78238-587-8
320 $aIncludes bibliographical references and index.
327 $aAt Home in Postwar France; Contents; Illustrations; Acknowledgments; Abbreviations; Introduction; Part I - Modern Homes for a Modern Nation; Chapter 1 - Building Homes, Building a Nation: State Experiments in Modern Living, 1945-1952; Chapter 2 - Designing for the Classless Society: Modernist Architects and the ""Art of Living""; Chapter 3 - The Salon des Arts Me?nagers: Teaching Women How to Make the Modern Home; Part II - Mass Homes for a Changing Society; Chapter 4 - Housing for the Greatest Number: The Housing Crisis and the Cellule d'Habitation, 1953-1958
327 $aChapter 5 - ""Who Is the Author of a Dwelling?"" From User to Inhabitant, 1959-1961Chapter 6 - Beyond the Functionalist Cell to the Urban Fabric, 1966-1973; Conclusion; Selected Bibliography; Index
330 $a After World War II, France embarked on a project of modernization, which included the development of the modern mass home. At Home in Postwar France examines key groups of actors - state officials, architects, sociologists and tastemakers - arguing that modernizers looked to the home as a site for social engineering and nation-building; designers and advocates of the modern home contributed to the democratization of French society; and the French home of the Trente Glorieuses, as it was built and inhabited, was a hybrid product of architects', planners', and residents' understandings of moder
410 0$aBerghahn monographs in French studies ;$vVolume 14.
606 $aHousing$zFrance$xHistory$y20th century
606 $aHousing policy$zFrance$xHistory$y20th century
606 $aArchitecture, Domestic$zFrance$xHistory$y20th century
606 $aDwellings$zFrance$xHistory$y20th century
607 $aFrance$xSocial conditions$y1945-1995
607 $aFrance$xCivilization$y1945-
608 $aElectronic books.
615 0$aHousing$xHistory
615 0$aHousing policy$xHistory
615 0$aArchitecture, Domestic$xHistory
615 0$aDwellings$xHistory
676 $a363.5/80944
700 $aRudolph$b Nicole C.$0876382
801 0$bMiAaPQ
801 1$bMiAaPQ
801 2$bMiAaPQ
906 $aBOOK
912 $a9910460804003321
996 $aAt home in postwar France$91957043
997 $aUNINA
LEADER 02144nam 2200529 450
001 9910672115403321
005 20191210142420.0
010 $a1-5129-7130-8
035 $a(CKB)4100000009152513
035 $a(MiAaPQ)EBC5886290
035 $a(OCoLC)1134694549
035 $a(FINmELB)ELB118323
035 $a(EXLCZ)994100000009152513
100 $a20191209d2015 uy 0
101 0 $aspa
135 $aurcnu||||||||
181 $ctxt$2rdamedia/spa
182 $cc$2rdamedia/spa
183 $2rdacarrier/spa
200 00$aEstudios cri?ticos de jurisprudencia de la Corte Suprema de Justicia /$fRicardo Posada Maya, Fernando Vela?squez Vela?squez, Mari?a Camila Correa Flo?rez (coordinadores) ; Jose? Mari?a de Brigard Arango (asistente de coordinacio?n)
210 31$aBogota?, D.C., Colombia :$cUniversidad Sergio Arbolada :$cGrupo Editorial Iban?ez :$cUniversidad de los Andes,$d2015.
215 $a1 recurso en li?nea (1 volu?men)
225 1 $aColeccio?n Ciencias penales
300 $a"Grupo de Investigacio?n en Ciencias Penales y Criminolo?gicas Emiro Sandoval Huertas, Universidad Sergio Arbolada. Grupo de Investigacio?n en Derecho Penal y Justicia Transicional Cesare Beccaria, Uniandes."
311 $a958-749-456-3
320 $aIncluye referencias bibliogra?ficas.
410 0$aColeccio?n Ciencias penales.
606 $aJudicial review$zColombia
606 $aCriminal procedure$zColombia
606 $aRevisio?n judicial$zColombia
606 $aProcedimiento penal$zColombia
608 $aLibros electronicos.
615 0$aJudicial review
615 0$aCriminal procedure
615 4$aRevisio?n judicial
615 4$aProcedimiento penal
676 $a342.861
700 $aPosada Maya$b Ricardo$01333149
701 $aPosada Maya$b Ricardo$01333149
701 $aVela?squez V$b Fernando$01334523
701 $aCorrea Flo?rez$b Mari?a Camila$01333884
801 0$bFINmELB
801 1$bFINmELB
906 $aBOOK
912 $a9910672115403321
996 $aEstudios cri?ticos de jurisprudencia de la Corte Suprema de Justicia$93048956
997 $aUNINA
LEADER 01120nam a2200277 i 4500
001 991004102259707536
008 090115s2008 ne b 001 0 eng d
020 $a9789027232465 (hbk)
035 $ab13801636-39ule_inst
040 $aDip.to Lingue$bita
082 4$a415
245 00$aPhraseology :$ban interdisciplinary perspective /$cedited by Sylviane Granger, Fanny Meunier
260 $aAmsterdam ;$aPhiladelphia :$bJ. Benjamins,$cc2008
300 $axxviii, 422 p. ;$c24 cm
504 $aContiene riferimenti bibliografici ed indice
650 04$aFraseologia
650 04$aLinguistica dei corpora
700 1 $aGranger, Sylviane
700 1 $aMeunier, Fanny
856 40$zCopertina$uhttp://firstsearch.oclc.org/WebZ/DCARead?standardNoType=1&standardNo=9027232466:srcdbname=worldcat:fromExternal=true&sessionid=0
907 $a.b13801636$b28-01-14$c15-01-09
912 $a991004102259707536
945 $aLE012 415 GRN$g1$i2012000349971$lle012$o-$pE0.00$q-$rl$s- $t0$u5$v3$w5$x0$y.i14915972$z15-01-09
996 $aPhraseology$9702976
997 $aUNISALENTO
998 $ale012$b15-01-09$cm$da $e-$feng$gne $h0$i0